Statistics for Scottish Premiership Clubs 2022/23

Click here to take the quiz!

General Stats

  • This quiz has been taken 65 times
  • The average score is 10 of 12

Answer Stats

Answer% Correct
Celtic
100%
Aberdeen
98%
Rangers
98%
Heart of Midlothian
96%
Hibernian
93%
Dundee United
87%
Motherwell
82%
St Johnstone
76%
St Mirren
76%
Kilmarnock
71%
Ross County
71%
Livingston
58%

Score Distribution

Percentile by Number Answered

Percent of People with Each Score

Your Score History

You have not taken this quiz